Antologi enam hikayat (Record no. 137817)

MARC details
000 -LEADER
fixed length control field 00689nam a2200253 i 4500
001 - CONTROL NUMBER
control field C2-0340677
003 - CONTROL NUMBER IDENTIFIER
control field PPAK
005 - DATE AND TIME OF LATEST TRANSACTION
control field 20180728142538.0
008 - FIXED-LENGTH DATA ELEMENTS--GENERAL INFORMATION
fixed length control field 170207s2016 my |||| ||||| | may d
020 ## - INTERNATIONAL STANDARD BOOK NUMBER
International Standard Book Number 9789834903923
040 ## - CATALOGING SOURCE
Original cataloging agency PPAK
Language of cataloging eng
Transcribing agency PPAK
Description conventions rda
082 04 - DEWEY DECIMAL CLASSIFICATION NUMBER
Classification number 899.23
Edition number 23
090 00 - LOCALLY ASSIGNED LC-TYPE CALL NUMBER (OCLC); LOCAL CALL NUMBER (RLIN)
Classification number (OCLC) (R) ; Classification number, CALL (RLIN) (NR) 899.23
Feature heading ANT
Feature heading G
245 00 - TITLE STATEMENT
Title Antologi enam hikayat
264 #1 - PRODUCTION, PUBLICATION, DISTRIBUTION, MANUFACTURE, AND COPYRIGHT NOTICE
Place of production, publication, distribution, manufacture Kuala Lumpur :
Name of producer, publisher, distributor, manufacturer Dewan Bahasa dan Pustaka ,
Date of production, publication, distribution, manufacture, or copyright notice 2016
300 ## - PHYSICAL DESCRIPTION
Extent x, 152 pages ;
Dimensions 22 cm
336 ## - CONTENT TYPE
Source rdacontent
Content type term text
337 ## - MEDIA TYPE
Source rdamedia
Media type term unmediated
338 ## - CARRIER TYPE
Source rdacarrier
Carrier type term volume
500 ## - GENERAL NOTE
General note Includes glossary
650 10 - SUBJECT ADDED ENTRY--TOPICAL TERM
Topical term or geographic name entry element Malay literature.
700 0# - ADDED ENTRY--PERSONAL NAME
Personal name Mohd. Yusof Md.Nor,
Relator term compile
942 ## - ADDED ENTRY ELEMENTS (KOHA)
-- dc
Koha item type Book
Holdings
Withdrawn Not for loan Current library Shelving location Date acquired Total Checkouts Total Renewals Full call number Barcode Date last seen Date last checked out Koha item type
    Perpustakaan Alor Setar Pinjaman Dewasa 13/02/2017 3 1 899.23 ANT A01513778 29/03/2025 08/03/2025 Book
  Not For Loan Perpustakaan Alor Setar Koleksi Kedah 13/02/2017     KK 899.23 ANT A01513786 09/05/2018   Book
    Perpustakaan Awam Sungai Petani Pinjaman Dewasa 13/02/2017     899.23 ANT A01513779 09/05/2018   Book
    Perpustakaan Baling Pinjaman Dewasa 13/02/2017     899.23 ANT A01513782 09/05/2018   Book
    Perpustakaan Bandar Baharu Pinjaman Dewasa 13/02/2017     899.23 ANT A01513785 09/05/2018   Book
    Perpustakaan Jitra Pinjaman Dewasa 13/02/2017     899.23 ANT A01513780 09/05/2018   Book
    Perpustakaan Kulim Pinjaman Dewasa 13/02/2017     899.23 ANT A01513781 09/05/2018   Book
    Perpustakaan Langkawi Pinjaman Dewasa 13/02/2017     899.23 ANT A01513784 09/05/2018   Book
    Perpustakaan Merbok Pinjaman Dewasa 13/02/2017 1   899.23 ANT A01513787 08/10/2023 17/09/2023 Book
    Perpustakaan Yan Pinjaman Dewasa 13/02/2017     899.23 ANT A01513783 09/05/2018   Book
    Bergerak 1, Alor Setar Pinjaman Dewasa 13/02/2017     899.23 ANT A01513788 09/05/2018   Book
    Bergerak 3, Baling Pinjaman Dewasa 13/02/2017     899.23 ANT A01513789 09/05/2018   Book